000
00269nam a22001217a 4500
020
_a
0-528-87135-8
082
_a
001
_b
SMI/H
100
_a
SMITH, KATHIE BILLINGSLEA
245
_a
HOW
260
_a
NEW YORK
_b
RAND MCNALLY & COMPANY
650
_a
GK
_z
NEW YORK
942
_c
BK
999
_c
6331
_d
6331